Statistiques concernant Inhibiteurs chaine respi

Cliquez ici pour prendre le quiz!

Statistiques générales

  • Ce quiz a été pris 59 fois
  • Le résultat moyen est 8 sur 15

Statistiques - réponses

ComplexeInhibiteur% Correct
Complexe IVCyanure
88%
Complexe IIIAntimycine A
75%
Complexe VOligomycine
75%
Production d'UCP favorisée parAdrénaline
63%
Complexe IVAzide
63%
Complexe IVCO
63%
Complexe IMetformine
63%
Complexe IMéthyl isocyanate
63%
Complexe IRotenone
50%
UCPCCCP
38%
UCPFCCP
38%
Production d'UCP favorisée parHormone thyroïdienne
38%
ANTAcide bongkrekique
25%
ANTAtractyloside
25%
UCPDinitrophénol
25%

Distribution des résultats

Percentile par nombre de réponses

% des personnes avec chaque résultat

Votre développement - résultats

Vous n’avez pas pris ce quiz